Lady Gaga - The Fame (Pistes) - Statistiques

Statistiques générales
  • Ce quiz a été pris 16 fois
  • Le résultat moyen est 12 sur 15
Statistiques - réponses
Hint Réponse % Correct
5 Eh, eh
100%
3 Paparazzi
100%
6 Beautiful, Dirty, Rich
89%
10 Boys Boys Boys
89%
15 Disco Heaven
89%
1 Just Dance
89%
2 LoveGame
89%
4 Poker Face
89%
9 Starstruck
78%
12 Brown Eyes
67%
13 I like it Rough
67%
8 Money Honey
67%
11 Paper Gangsta
56%
14 Summerboy
56%
7 The Fame
56%
Aucun quiz correspondant
Distribution des résultats
% des personnes avec chaque résultat
Percentile par nombre de réponses
Votre historique - résultats
Vous n’avez pas pris ce quiz